000 00948cab a2200301 4500
001 WB3231-72
008 090401t1996 xxu||||| |||| 00| 0 eng d
035 _a(Sirsi) u69813
041 _aeng
245 _aFirst signs of recovery
260 _c1996
350 _a0
490 _aEuroProperty
_v5 (1) August 1996, 3
520 _aRichard Ellis` European Property Index has at last recorded a rise in office capital values. German and American investors, who have recently been buying into this market, should make large profits.
650 _aCAPITAL VALUES
650 _aEUROPE
650 _aEUROPEAN PROPERTY INDEX
650 _aFOREIGN INVESTMENT
650 _aGERMANY
650 _aINVESTMENT MARKET
650 _aPROPERTY-COMMERCIAL PROPERTY-OFFICE PROPERTY-OFFICE PROPERTY MARKET
650 _aPROPERTY INDEXES
650 _aCBRE
650 _aUSA
690 _aOVERSEAS-EUROPE
942 _n0
948 _c04/03/1997
999 _c43888
_d43888